[Event "SRB-ch Blitz"]
[Site "Paracin"]
[Date "2022.06.05"]
[Round "1"]
[White "Cabarkapa, Novak"]
[Black "Jovanovic, Zoran B"]
[Result "1-0"]
[WhiteElo "2466"]
[BlackElo "2042"]
[PlyCount "87"]
[EventDate "2022.06.05"]
[EventType "swiss (blitz)"]
[EventRounds "13"]
[EventCountry "SRB"]
[SourceTitle "CBM 208 Extra"]
[Source "ChessBase"]
[SourceDate "2022.07.31"]
[SourceVersion "1"]
[SourceVersionDate "2022.07.31"]
[SourceQuality "1"]

1. e4 e6 2. d4 d5 3. Nc3 Nf6 4. e5 Nfd7 5. Qg4 c5 6. Nb5 cxd4 7. Nf3 Nc6 8. Bf4 g6 9. 0-0-0 h5 10. Qg3 Be7 11. Nbxd4 Nxd4 12. Nxd4 Bh4 13. Qf3 Bg5 14. Kb1 Bxf4 15. Qxf4 a6 16. Bd3 Nc5 17. Rhe1 Nxd3 18. Rxd3 Bd7 19. Nf3 Qe7 20. Ng5 Rc8 21. Rf3 Rf8 22. Nh7 Rh8 23. Nf6+ Kf8 24. Qg5 d4 25. Rd1 Bc6 26. Rf4 Rd8 27. Rfxd4 Rxd4 28. Rxd4 Qc7 29. Ne4 Qe7 30. Rd8+ Be8 31. Qxe7+ Kxe7 32. Rb8 h4 33. Rxb7+ Kf8 34. Rb8 Ke7 35. Nd6 Rf8 36. f4 f6 37. Rxe8+ Rxe8 38. Nxe8 Kxe8 39. exf6 Kf7 40. c4 Kxf6 41. Kc2 Kf5 42. c5 e5 43. c6 Ke6 44. fxe5 1-0

[Event "Vojvodina-chT"]
[Site "Sombor"]
[Date "2009.10.04"]
[Round "11"]
[White "Svetushkin, Dmitry"]
[Black "Jovanovic, Zoran B"]
[Result "1-0"]
[WhiteElo "2570"]
[BlackElo "2095"]
[PlyCount "75"]
[EventDate "2009.09.27"]
[EventType "team-swiss"]
[EventRounds "11"]
[EventCountry "YUG"]
[SourceTitle "EXT 2012"]
[Source "ChessBase"]
[SourceDate "2011.11.24"]
[SourceVersion "1"]
[SourceVersionDate "2011.11.24"]
[SourceQuality "1"]

1. e4 c5 2. Nf3 a6 3. c4 Nc6 4. d4 cxd4 5. Nxd4 Qc7 6. Nc3 d6 7. Be2 e6 8. 0-0 Nf6 9. Be3 Be7 10. Rc1 0-0 11. f3 Ne5 12. Kh1 b6 13. f4 Ned7 14. Bf3 Bb7 15. f5 e5 16. Nde2 Rac8 17. a4 Kh8 18. b3 Nc5 19. Nd5 Bxd5 20. cxd5 Qb7 21. Ng3 b5 22. a5 b4 23. Rf2 Rc7 24. Bxc5 Rxc5 25. Rxc5 dxc5 26. Be2 Bd6 27. Bc4 Qc7 28. Ra2 Ra8 29. Qe2 Qc8 30. Nf1 g6 31. Qf3 Kg7 32. g4 h6 33. Ne3 Qd8 34. Bf1 Nh7 35. Nc4 Qe7 36. Rf2 Ra7 37. Kg2 g5 38. f6+ 1-0

[Event "Vojvodina-chT"]
[Site "Sombor"]
[Date "2009.10.03"]
[Round "10"]
[White "Jovanovic, Zoran B"]
[Black "Galyas, Miklos"]
[Result "0-1"]
[WhiteElo "2095"]
[BlackElo "2464"]
[PlyCount "74"]
[EventDate "2009.09.27"]
[EventType "team-swiss"]
[EventRounds "11"]
[EventCountry "YUG"]
[SourceTitle "EXT 2012"]
[Source "ChessBase"]
[SourceDate "2011.11.24"]
[SourceVersion "1"]
[SourceVersionDate "2011.11.24"]
[SourceQuality "1"]

1. Nf3 d5 2. g3 Nf6 3. Bg2 Bf5 4. d4 e6 5. c4 c6 6. cxd5 exd5 7. 0-0 Nbd7 8. Bg5 Bd6 9. Nc3 h6 10. Bxf6 Nxf6 11. Rc1 0-0 12. Qb3 Qe7 13. Rfe1 Rfe8 14. Nd2 Be6 15. Qc2 Qd7 16. e4 dxe4 17. Ndxe4 Nxe4 18. Bxe4 Bb4 19. Rcd1 Bg4 20. f3 Be6 21. Qa4 a5 22. d5 cxd5 23. Qxd7 Bxd7 24. Bxd5 Rxe1+ 25. Rxe1 Kf8 26. a3 Be7 27. Kg2 Rc8 28. Re2 b5 29. Ba2 Bxa3 30. Nd5 Bc5 31. Nf4 b4 32. Bd5 a4 33. Re1 b3 34. Rc1 Bd4 35. Rxc8+ Bxc8 36. Bc6 a3 37. bxa3 Bf5 0-1

[Event "Vojvodina-chT"]
[Site "Sombor"]
[Date "2009.10.02"]
[Round "9"]
[White "Jovanovic, Zoran B"]
[Black "Roganovic, Milos"]
[Result "0-1"]
[WhiteElo "2095"]
[BlackElo "2474"]
[PlyCount "38"]
[EventDate "2009.09.27"]
[EventType "team-swiss"]
[EventRounds "11"]
[EventCountry "YUG"]
[SourceTitle "EXT 2012"]
[Source "ChessBase"]
[SourceDate "2011.11.24"]
[SourceVersion "1"]
[SourceVersionDate "2011.11.24"]
[SourceQuality "1"]

1. Nf3 Nf6 2. g3 g6 3. Bg2 Bg7 4. 0-0 0-0 5. d4 d5 6. b3 c5 7. e3 Nc6 8. Bb2 cxd4 9. exd4 Bf5 10. a3 Rc8 11. Nbd2 Qb6 12. Rc1 Ne4 13. c3 Bh6 14. Nxe4 Bxc1 15. Bxc1 Bxe4 16. Nd2 Bxg2 17. Kxg2 e5 18. dxe5 Nxe5 19. Bb2 Nc4 0-1

[Event "SRB-chT 1st League"]
[Site "Vrnjacka Banja"]
[Date "2009.09.25"]
[Round "10"]
[White "Jovanovic, Zoran B"]
[Black "Nesic, Nebojsa"]
[Result "1-0"]
[WhiteElo "2095"]
[BlackElo "2127"]
[PlyCount "51"]
[EventDate "2009.09.19"]
[EventType "team-swiss"]
[EventRounds "11"]
[EventCountry "YUG"]
[SourceTitle "CBM 132 Extra"]
[Source "ChessBase"]
[SourceDate "2009.11.03"]
[SourceVersion "1"]
[SourceVersionDate "2009.11.03"]
[SourceQuality "1"]

1. c4 Nf6 2. g3 g6 3. Bg2 Bg7 4. Nc3 0-0 5. d3 c6 6. e4 e5 7. Nge2 d6 8. 0-0 Nbd7 9. h3 Ne8 10. Rb1 f5 11. Be3 Nc5 12. exf5 Bxf5 13. b4 Nxd3 14. g4 Nxf2 15. Rxf2 Bxb1 16. Rxf8+ Bxf8 17. Qxb1 Nc7 18. b5 d5 19. cxd5 cxd5 20. Nxd5 Nxd5 21. Qb3 Qa5 22. Qxd5+ Kh8 23. Kh2 Rd8 24. Qf7 Bg7 25. b6 axb6 26. Bh6 1-0

[Event "SRB-chT 1st League"]
[Site "Vrnjacka Banja"]
[Date "2009.09.22"]
[Round "5"]
[White "Jovanovic, Zoran B"]
[Black "Micic, Nenad Z"]
[Result "1-0"]
[WhiteElo "2095"]
[BlackElo "2247"]
[PlyCount "89"]
[EventDate "2009.09.19"]
[EventType "team-swiss"]
[EventRounds "11"]
[EventCountry "YUG"]
[SourceTitle "CBM 132 Extra"]
[Source "ChessBase"]
[SourceDate "2009.11.03"]
[SourceVersion "1"]
[SourceVersionDate "2009.11.03"]
[SourceQuality "1"]

1. c4 Nf6 2. g3 g6 3. Bg2 Bg7 4. Nc3 0-0 5. d3 d6 6. Bg5 h6 7. Bd2 Nc6 8. e4 e5 9. Nge2 Be6 10. 0-0 Qd7 11. Nd5 Ne8 12. Bc3 Nd4 13. Bxd4 exd4 14. Ndf4 c6 15. b4 a5 16. b5 cxb5 17. cxb5 a4 18. Nxe6 Qxe6 19. Nf4 Qd7 20. Nd5 Qxb5 21. Rb1 Qa6 22. Rb6 Qa5 23. Qb1 Ra6 24. Rb5 Qd8 25. Rxb7 Nf6 26. Nb6 Qe8 27. Qb4 Qe5 28. Nc4 Qc5 29. Qxc5 dxc5 30. Rfb1 Ng4 31. Rc7 Ne5 32. Nxe5 Bxe5 33. Rxc5 Bd6 34. Rc4 Be5 35. f4 Bb8 36. Kf1 Ba7 37. Rb7 a3 38. e5 Ra5 39. Ke2 g5 40. Be4 gxf4 41. gxf4 Kg7 42. Rcc7 Bb8 43. Rd7 Rc5 44. Bd5 Rc2+ 45. Kf3 1-0

[Event "SRB-chT 1st League"]
[Site "Vrnjacka Banja"]
[Date "2009.09.19"]
[Round "1"]
[White "Jovanovic, Zoran B"]
[Black "Mirkovic, Stevan"]
[Result "1/2-1/2"]
[WhiteElo "2095"]
[BlackElo "2245"]
[PlyCount "87"]
[EventDate "2009.09.19"]
[EventType "team-swiss"]
[EventRounds "11"]
[EventCountry "YUG"]
[SourceTitle "CBM 132 Extra"]
[Source "ChessBase"]
[SourceDate "2009.11.03"]
[SourceVersion "1"]
[SourceVersionDate "2009.11.03"]
[SourceQuality "1"]

1. d4 Nf6 2. c4 e6 3. Nf3 b6 4. g3 Ba6 5. b3 b5 6. Bg2 bxc4 7. Ne5 Bb4+ 8. Kf1 d5 9. bxc4 0-0 10. Bg5 Be7 11. Nc3 c6 12. c5 Nfd7 13. Nxd7 Bxg5 14. Nxf8 Qxf8 15. f4 Bf6 16. Bf3 Nd7 17. Rc1 g5 18. fxg5 Bxg5 19. Rb1 Bc4 20. Kf2 e5 21. h4 Bh6 22. e3 Re8 23. Bxd5 cxd5 24. Qg4+ Kh8 25. Qxd7 Bxe3+ 26. Kg2 exd4 27. Nd1 Bd3 28. Rb7 Be4+ 29. Kh2 Bxh1 30. Kxh1 d3 31. Nxe3 Rxe3 32. Qxd5 Qe8 33. Rd7 Re1+ 34. Kh2 Qe2+ 35. Kh3 Rh1+ 36. Qxh1 Qe6+ 37. g4 Qxd7 38. Qa8+ Kg7 39. c6 Qd6 40. c7 Qxc7 41. Qd5 Qc3 42. Qg5+ Kf8 43. Qd8+ Kg7 44. Qg5+ 1/2-1/2

[Event "SRB-chT2 West"]
[Site "Serbia"]
[Date "2006.09.23"]
[Round "3.5"]
[White "Jovanovic, Zoran B"]
[Black "Urosevic, Radojko"]
[Result "1/2-1/2"]
[WhiteElo "2091"]
[BlackElo "2237"]
[PlyCount "42"]
[EventDate "2006.09.09"]
[EventType "team"]
[EventRounds "11"]
[EventCountry "SRB"]
[SourceTitle "EXT 2012"]
[Source "ChessBase"]
[SourceDate "2011.11.24"]
[SourceVersion "1"]
[SourceVersionDate "2011.11.24"]
[SourceQuality "1"]

1. d4 c5 2. c3 Nf6 3. Nf3 e6 4. g3 b6 5. Bg2 Bb7 6. 0-0 Be7 7. Nbd2 0-0 8. Qc2 cxd4 9. cxd4 Nc6 10. a3 Rc8 11. Qd3 d5 12. b4 Qd6 13. Bb2 Rc7 14. Rfc1 Rfc8 15. e3 Nb8 16. Ne5 Rxc1+ 17. Rxc1 Rxc1+ 18. Bxc1 Qc7 19. Bb2 Nbd7 20. Nxd7 Qxd7 21. Bf1 Ne8 1/2-1/2